000 00770cam a22002653a 4500
001 434
003 PGUSA
005 20140828082948.0
008 960201s1996||||xxu|||||s|||||000 1 eng d
040 _aPGUSA
_beng
042 _adc
050 4 _aPS
100 1 _aRinehart, Mary Roberts,
_d1876-1958
245 1 4 _aThe Circular Staircase
_h[electronic resource] /
_cMary Roberts Rinehart
260 _bProject Gutenberg,
_c1996
506 _aPublic domain in the USA.
516 _aElectronic text
653 _aMiddle-aged women -- Fiction
653 _aMurder -- Investigation -- Fiction
653 _aCountry homes -- Fiction
653 _aMystery fiction
830 0 _aProject Gutenberg
_v434
856 4 0 _uhttp://www.gutenberg.org/ebooks/434
942 _cEB
999 _c229785
_d229785